Geico Commercials Quiz Stats

 Plays Quiz not verified by Sporcle

Also try: Best Friends in TV
Challenge
Share
Tweet
Embed
Score 0/29 Timer 04:00
0 Plays Today
Lead In Subject % Correct
Does it take...two
90%
Do...woodchucks
87.3%
Do only...dogs
85.9%
Was...Abe Lincoln
83.1%
What? Do you live under a...rock
80.2%
Did the...little piggy
80%
Did...the cavemen
76%
Is a...bird in the hand
75.3%
Does a former...drill sergeant
71.4%
Does a...rolling stone
65.6%
Is having a snowball fight with pitching great...Randy Johnson
63.6%
Do...dogs
63%
Is...Ed 'Too Tall' Jones
57%
Does...Elmer Fudd
54.9%
Can...Charlie Daniels
47.7%
Lead In Subject % Correct
Does the...buck
43.7%
Does a ten pound...bag of flour
32.4%
Do...the Waltons
31.7%
Is the...pen
29.5%
If a...tree
23.2%
Do...mimes
18.6%
Is sneaking out of a boring meeting wearing...tap shoes
18.3%
Can fútbol announcer...Andrés Cantor
9.7%
Can you find...anything
8.6%
Do the final ten seconds of a...basketball game
7.1%
Would...Foghorn Leghorn
7%
Do people use...Smart Phones
5.5%
Does..helium
5.4%
Is...texting
2.1%

You're not logged in!

Compare scores with friends on all Sporcle quizzes.
OR
Log In

You Might Also Like...

Show Comments

Extras

Top Quizzes Today


Score Distribution

Your Account Isn't Verified!

In order to create a playlist on Sporcle, you need to verify the email address you used during registration. Go to your Sporcle Settings to finish the process.

Report this User

Report this user for behavior that violates our Community Guidelines.

Details: